| LEADER |
00959nam0a2200193 450 |
| 001 |
16862660 |
| 010 |
|
|
|a 978-2-7560-4042-4
|b cart.
|d 14,5
|
| 100 |
|
|
|a 20140424d2014 u u0frey01 ba
|
| 101 |
0 |
|
|a fre
|
| 102 |
|
|
|a FR
|
| 200 |
0 |
|
|a Premières vendanges
|f scénario Wandrille
|g dessin & couleur Anne-Lise Nalin
|
| 207 |
|
1 |
|a
|
| 215 |
|
|
|a 1 vol. (56 p.)
|c illustrations en couleur
|d 32 x 23 cm
|
| 330 |
|
|
|a Pour Inès, Laetitia et Caroline, âgées de 18 à 20 ans, les vendanges à Mercurey sont l'occasion de découvrir la cohabitation, le partage, mais aussi le vin et son univers. Au fil des histoires d'amour, des amitiés qui se font et se défont, cet été est celui du passage à l'âge adulte pour les trois jeunes filles.
|
| 700 |
|
0 |
|a Wandrille
|4 70
|
| 701 |
|
0 |
|a Nalin
|b Anne-Lise
|4 440
|
| 900 |
|
|
|a Bande dessinée (adultes)
|
| 901 |
|
|
|a Adultes
|
| 995 |
|
|
|a Médiathèque
|c Médiathèque
|f 00156010089464
|h 00156010089464
|k BDA WAN
|o p
|q a
|r az
|e Médiathèque
|